[Event "Mechanics' Summer TNM; G/2 d5"]
[Site "San Francisco"]
[Date "2017.06.20"]
[Round "5.2"]
[White "Winslow, Elliott C"]
[Black "Tracy, Joseph J"]
[Result "1-0"]
[WhiteElo "2291"]
[BlackElo "2088"]
[Annotator "Winslow,E"]
[PlyCount "79"]
[EventDate "2017.??.??"]

1. d4 Nf6 2. c4 e6 3. Nf3 d5 4. Bg5 (4. Nc3 c5 5. Bg5 (5. cxd5 Nxd5 6. e4 Nxc3
7. bxc3 {
continues to show up at the 2800 level, thanks to Kramnik (5 times in 2016!).})
5... Be7 6. e3 Ne4) 4... Be7 5. Nc3 Ne4 {
I've never seen Lasker's Defense this early!} (5... O-O 6. e3 h6 (6... Nbd7 {
la grande ligne}) 7. Bh4 ({He avoids} 7. Bxf6 {
which I've played without knowing what random Soviet warrior it's named after.}
Bxf6 8. Rc1 (8. Qd2) (8. Qc2) (8. cxd5) (8. Qb3) (8. Bd3 $6)) 7... Ne4 {
is the Lasker Defense "proper". Luft could be useful...}) ({...as in} 5... h6
6. Bh4 (6. Bxf6 Bxf6) 6... O-O 7. e3 Ne4 (7... b6)) 6. Bxe7 Qxe7 (6... Nxc3 7.
Bxd8 Nxd1 8. Bxc7 Nxb2 9. cxd5 exd5 10. Rb1 {gives White a bit with his bishops
}) 7. e3 (7. Qc2) (7. Rc1) (7. Qb3) (7. cxd5 Nxc3 8. bxc3 exd5 9. e3 (9. Qb3 c6
10. e3 O-O)) 7... c5 $5 $146 {Well, it transposes, but (1) it's novel here (2)
the three players who reached this position were all A or B players or so. One
of the games began 1.d4 d5 2.c4 c5...} (7... Nxc3 8. bxc3 c6 9. Qb3 O-O 10.
cxd5 exd5 {is the solid player's bread and butter position, if you consider
the likes of Capablanca, Kholmov (beat Tal with it!) and Lein (he played it
four times -- over 26 years!).}) (7... O-O {
is, again, transposition to a more normal Lasker.}) (7... c6 8. Nxe4 (8. Qc2 f5
9. cxd5 Nxc3 10. d6 Qxd6 11. Qxc3 $14 {
1-0 Alekhine,A-Waltuch,V/Hastings 1925/ (24)}) (8. Bd3 f5) (8. Rc1 O-O 9. Bd3
Nxc3 10. Rxc3 Nd7 11. O-O $14 {
1/2-1/2 Gligoric, S-Donner,J/Amsterdam ,MCL 1950/ (43)}) 8... dxe4 9. Nd2 f5
10. c5 {
1-0 (70) Bacrot,E (2613)-Serper,G (2574) Cap d'Agde 2000 CBM 080 [Tsesarsky]})
(7... Qb4 8. Qc2 Nxc3 9. a3 Qe7 10. Qxc3) 8. Bd3 $6 ({
Stockfish 8 64 gives a pretty solid advantage to} 8. Rc1 Nxc3 9. Rxc3 dxc4 (
9... cxd4 10. Qxd4) 10. dxc5 b5 11. cxb6 axb6 12. Bxc4) 8... Nxc3 9. bxc3 O-O (
9... Nc6 10. O-O e5 11. cxd5 e4 12. Bxe4 Qxe4 13. dxc6 Qxc6 14. Ne5 Qd6 15.
Qa4+ {1-0 (29) Grbin,S (1711) -Boros,T (1423) Senta 2015}) 10. O-O dxc4 (10...
Nd7 11. e4 {Johner, H-Bernstein,O Le Pont 1930 1/2-1/2}) (10... Nc6 $146 11.
Rb1 b6 12. Re1 {[%cal Ge3e4] 1-0 (62) Romanovsky,P-Yudovich,M Moscow 1943}) 11.
Bxc4 Nd7 (11... Nc6) (11... b6) (11... Rd8) 12. Qc2 $146 (12. e4) (12. Qe2) (
12. Rc1) (12. Bb3) (12. Rb1) 12... e5 $146 (12... b6 13. Bd3 (13. Qe4 Rb8 14.
Bd3 (14. Qf4 Bb7 15. e4 Nf6 16. Rfe1 cxd4 17. cxd4 Rbc8 18. Bb3 Rfd8 19. d5
exd5 20. exd5 Qc7 21. d6 Rxd6 22. Ng5 Rd7 23. Qxc7 Rdxc7 24. Rad1 Kf8 25. g4 h6
26. Nxf7 Rxf7 27. Bxf7 Kxf7 28. h4 Re8 29. g5 Rxe1+ 30. Rxe1 hxg5 31. hxg5 Ne4
32. Rc1 Nc5 33. f4 Kg6 34. Rc4 Bd5 35. Rc2 Kf5 36. Rf2 g6 37. a3 Nd3 38. Rc2
Nxf4 39. Rc7 a5 40. Ra7 Be6 41. Kf2 Kxg5 {
0-1 (41) Meskanen,V-Haara,P Helsinki 1996}) 14... g6 15. Qf4 Bb7 16. e4 cxd4
17. cxd4 f6 18. Rac1 Rbc8 19. Rc7 e5 20. Qc1 Rxc7 21. Qxc7 Bc8 22. Qxa7 exd4
23. Nxd4 Qd6 24. Bc4+ Kh8 25. Nf3 Ne5 26. Nxe5 fxe5 27. h3 Bd7 28. Bd5 Bb5 29.
Rc1 Qf6 30. Rc2 Bd3 31. Rd2 Qf4 32. Qe7 Bb5 33. Rc2 Qf6 34. Qxf6+ Rxf6 35. Rc7
{1-0 (35) Holt,C (2555)-King,A (2231) Wheeling 2014}) 13... h6 14. a4 Bb7 15.
Bh7+ Kh8 16. Be4 Bxe4 17. Qxe4 Qd6 18. Rfb1 Rac8 19. a5 Rc6 20. axb6 axb6 21.
Ra7 cxd4 22. Rxd7 Qxd7 23. Ne5 Qd6 24. Nxc6 f5 25. Qf3 dxc3 26. Nd4 e5 27. Qc6
Rd8 28. Qxd6 Rxd6 29. Nc2 b5 30. Rc1 Rd2 31. Kf1 e4 32. Ke1 g6 33. Nd4 b4 34.
Rc2 Rd3 35. Ra2 f4 36. Ra8+ Kh7 37. Rb8 fxe3 38. fxe3 Rxe3+ 39. Kf2 Rd3 40.
Rb7+ Kg8 41. Ne2 c2 42. Rxb4 Rc3 43. Nc1 e3+ 44. Ke2 Kf7 45. Rb3 Rxb3 46. Nxb3
Kf6 47. Kxe3 Ke5 48. Kd3 Kf4 49. Nc1 h5 50. Ne2+ Ke5 51. Kxc2 {
1-0 (51) Nikolov,M (2542)-Enchev,I (2411) Navalmoral 2012}) 13. Qe4 {
I was thinking +/= here...} Re8 14. Rfd1 (14. Rfc1 {is more pre-emptive than I
could give myself credit for (although there was a time...)}) 14... exd4 15.
Qxe7 Rxe7 16. cxd4 Kf8 $5 {I didn't consider this} ({
Before he played I was pretty sure I was answering} 16... cxd4 {with} 17. Rxd4)
17. Rac1 cxd4 {I was hoping to keep him from getting his usual "QGD" pieces
out (the QB and QR), but saw I wasn't going to be able to. White has to watch
out as exchanges happen that the major feature doesn't become Black's
queenside majority.} 18. Nxd4 {Maybe my knight can "dominate" his bishop?} (18.
Rxd4 Nb6) 18... Ne5 (18... Nf6) (18... Nb6) 19. Be2 ({I didn't really consider
} 19. Bd5 $1 {, but Stockfish does. At least on} Be6 {I can collect a few
pennies towards retirement (of my opponent) -- new island, bishop vs. knight
on a two-sided board, "control" (for now) of both (only) open files. SF
actually makes it a slight advantage...} ({It certainly puts down} 19... Bd7 $2
20. Bxb7) 20. Nxe6+ fxe6 21. Bb3) 19... Bd7 20. Rc7 Bg4 {A surprise} (20... Bc6
) ({I expected} 20... Bc6 {when} 21. Rxe7 Kxe7 22. f4 Nd7 23. Nxc6+ bxc6 {
and now what? All I've done is given him a passed pawn; BvN is nice in theory,
but not when the targets bite back.} 24. Rc1 c5 25. Kf2 {maybe.}) 21. Rxe7 Kxe7
22. Bxg4 Nxg4 23. f3 ({Stockfish:} 23. Rc1 {And after some thought} Rd8 ({
During the game I avoid this because of} 23... Kd7 $2 {, but} 24. Nb5 $1 a6 25.
Rc7+ Kd8 {As far as I visualized, but} 26. Rxf7 {mops up a pawn.}) 24. Rc7+ Rd7
25. Nf5+ Kd8 26. Rxd7+ Kxd7 27. Nxg7 {This one is dangerous!} b5 {
And there is one of those endgames I warned you about.}) (23. Rb1 b6 24. Rc1)
23... Ne5 24. Rb1 b6 25. f4 Nd7 (25... Nc4 26. Rc1 Rc8 {is starting to
approach that dangerous outside passed pawn ending business. (It's worst in
king and pawn endings, and I'll always remember Yakob Yuchtman's "Knight game
like King game, king go bingo"...)}) 26. Kf2 Rc8 {My screen shows the dreaded
"0.00x5", or "Computer thinks everything is drawn by force"} 27. Kf3 g6 28. g4
h6 $6 {It flickered for a while but settled back to 0.00} 29. h4 {
Aha, now Black has only one completely equal reply:} a6 $6 (29... Rc5 $11 {
White tries to attack on file, we defend on rank}) 30. h5 Kf6 $2 (30... gxh5
31. gxh5 Rc5 32. e4 {may be =, but it's not 0.00 any more...} Rxh5 33. Nf5+ Kd8
34. Kg3 {Black might be thinking "should I be worried?"}) 31. Rh1 ({just} 31.
Rd1 {might not better as Stockfish first thought...}) 31... Kg7 32. Rd1 (32.
hxg6 fxg6 33. g5 $5 hxg5 34. Ne6+ Kf6 35. Nxg5 {
does give me the only passed pawn}) 32... Nc5 33. hxg6 fxg6 {I've got it anyway
} 34. e4 {I'll go with this thanks -- I can hear Edmar Mednis saying
jubilantly "Passed pawns must be pushed!" as if it was E=mc squared. Black was
uncomfortable but this doesn't stop anything} ({
I don't know why there are blinking lights for} 34. Ne2 {
, I guess opening up rook options (or maybe anticipating ...h5?)}) 34... Re8 {
It's hard to suggest a counterplan to White's getting a duo of passed pawns
going. (My favorite motif! Lava pawns!)} 35. e5 Kf7 (35... Re7 {
falls by the wayside as well}) 36. Nc6 Rc8 37. Rd6 Re8 38. f5 g5 39. Rxh6 Nd7
$2 40. e6+ 1-0

[Event "Mechanics' Summer TNM; G/2 d5"]
[Site "San Francisco"]
[Date "2017.05.23"]
[Round "1.3"]
[White "Winslow, Elliott C"]
[Black "Tuck, Drew"]
[Result "1-0"]
[WhiteElo "2291"]
[BlackElo "1607"]
[Annotator "Winslow"]
[PlyCount "69"]
[EventDate "2017.??.??"]

1. d4 d5 2. c4 e6 3. Nc3 c5 4. cxd5 exd5 5. Nf3 Nc6 6. g3 Nf6 7. Bg2 Be7 8. O-O
O-O 9. dxc5 (9. Bg5 c4 (9... cxd4 10. Nxd4 h6 11. Be3 (11. Bf4) 11... Re8 (
11... Bg4))) (9. b3 Ne4 (9... Re8) (9... Bg4) 10. Bb2 Bf6 11. Na4 b6 (11...
cxd4) (11... Re8 12. Rc1 b6) 12. Rc1 (12. dxc5) 12... Ba6 (12... Re8 13. dxc5 (
13. Re1))) 9... Bxc5 (9... d4 10. Na4 Bf5 11. Bf4 (11. Bd2) (11. a3) (11. Ne1)
(11. b3) (11. Ng5)) 10. Na4 (10. a3 $5) (10. Bg5 d4 (10... Be6 11. Bxf6 Qxf6
12. Nxd5 Qxb2 13. Nc7 Rad8 14. Qc1 Qxc1 15. Raxc1 b6 16. Nxe6 fxe6) 11. Bxf6 (
11. Ne4 Be7 12. Bxf6 Bxf6 13. Ne1) 11... Qxf6 12. Nd5 (12. Ne4 Qe7 13. Nxc5
Qxc5 14. Rc1) 12... Qd8 13. Nd2 Re8 14. Rc1 Bb6 15. Nc4 Bg4 16. Re1 Ba5) 10...
Be7 (10... Bd6) (10... Bb6) 11. Be3 Bg4 (11... Ne4) (11... Re8) (11... Bf5) 12.
Nd4 $6 (12. Rc1) (12. h3 $5) 12... Re8 (12... Qd7 13. Rc1 Nxd4 14. Bxd4 Bxe2
15. Qxe2 Qxa4 16. Bxf6 Bxf6 17. Bxd5 $11) 13. h3 Bh5 14. Nxc6 bxc6 15. Rc1 Qd7
16. Re1 Bb4 17. Bd2 Bxd2 18. Qxd2 Rac8 19. Nc5 Qe7 20. e3 Bg6 21. Qd4 Qe5 $6
22. Qxe5 Rxe5 23. Red1 Ne4 $2 24. Nxe4 Bxe4 (24... dxe4 25. Rxc6 (25. Rd7 $5)
25... Rb8 26. b3 a5 27. Bf1 Bf5 28. Kg2 Be6 29. Rb6) 25. Bxe4 Rxe4 {Diagram [#]
} 26. Rxd5 Re7 $6 27. Rxc6 Rb8 28. b3 g6 29. g4 Kg7 30. Kg2 Reb7 31. e4 Re8 32.
f3 Ree7 33. Kf2 Rb8 34. Ke3 Rbe8 35. b4 1-0

[Event "Mechanics' Peter Grey TNM; G/2 d5"]
[Site "San Francisco"]
[Date "2017.08.29"]
[Round "4.4"]
[White "Winslow, Elliott C"]
[Black "Uzzaman, Ashik"]
[Result "1-0"]
[WhiteElo "2321"]
[BlackElo "2036"]
[Annotator "Winslow,E"]
[PlyCount "81"]
[EventDate "2017.??.??"]

1. d4 e6 2. Nf3 f5 3. g3 Nf6 4. Bg2 Be7 5. O-O O-O 6. c4 d6 7. b3 (7. Nc3 Qe8
8. b3 (8. Re1) (8. Qc2 $142 $1 {(that guy)} Nc6 (8... Nbd7 9. e4 $14 {
Reilly, B-Fine,R Warsaw ol (Men) 1935 (6) 1-0} Nh5 $2 10. exf5 exf5 11. Re1
Ndf6 (11... Qf7 $2 12. Ng5) 12. Ng5 $1 c6 13. d5 c5 14. Bd2 Ng4 15. Nb5 Qd8 16.
Ne6 Bxe6 17. Rxe6 a6 18. Rae1 Rf7 19. Nc3 Ne5 20. Nd1 f4 21. Be4 $1 g6 22. Bc3
Ng7 23. Bxe5 $1 dxe5 24. Nc3 Rf8 25. Rd1 fxg3 26. hxg3 Nxe6 27. dxe6 Qe8 28.
Rd7 Bf6 29. Bd5 $1 Kh8 30. Ne4 Bg7 (30... Be7 31. Qc3 Bf6 32. Nxf6 Rxf6 33.
Qxe5 Qf8 34. Rf7 $18) 31. Nd6 Qb8 32. e7 $1 Re8 33. Nf7+ Kg8 34. Nxe5+ Kh8 35.
Nf7+ Kg8 36. Nd6+ Kh8 37. Qe4 $1 Bd4 38. Kg2 Bf6 39. Qe6 Bxe7 (39... Bg7 40.
Qg8+ Rxg8 41. Nf7#) 40. Qe5+ {1-0 (40) Reilly,B-Fine,R Warsaw 1935}) 9. d5 $16
{Partie Grob-Flohr Rosas 1935})) (7. Qc2 a5 (7... Nc6 8. Rd1 a5 9. Nc3 Qe8 10.
a3 e5 11. dxe5 dxe5 12. Nd5 Bd8 13. Bg5 Qf7 14. Bd2 e4 15. Ng5 Qh5 16. Bf4 Ne8
17. h4 h6 18. Nh3 g5 19. Be3 f4 20. Nhxf4 gxf4 21. Nxf4 Qf7 22. Qxe4 Bf5 23.
Qd5 Kh7 24. Rd2 Nd6 25. Bc5 Qg7 26. Bxd6 cxd6 27. Be4 Qe5 28. Ne6 Rf6 29. Qxe5
Nxe5 30. Bxf5+ Rxf5 31. Rxd6 Be7 32. Rd5 Rg8 33. Kg2 Bxh4 34. Rh1 Bf6 35. e4
Rh8 {1-0 (35) Vallejo Pons,F (2666)-Glek,I (2560) Calatrava 2006}) 8. Nc3 Nc6
9. b3 (9. Rd1 {above}) 9... e5 10. dxe5 dxe5 11. Rd1 Qe8 12. Nb5 Qh5 13. Nxc7
f4 14. Nxa8 Bc5 15. Rd5 Nb4 16. Rxe5 Nxc2 17. Rxh5 Nxh5 18. Rb1 fxg3 19. hxg3
Nxg3 20. Rb2 Bf5 {0-1 (20) Wojtaszek,R (2721)-Williams,S (2520) Mulhouse 2011})
7... Qe8 (7... Nc6) 8. Nc3 (8. Bb2 Qh5 (8... a5) 9. Nc3 (9. Nbd2 $6) (9. e3))
8... Ne4 $5 {Not anywhere near as common but has scored well} (8... a5 9. Bb2
Na6 (9... Nh5)) (8... Nbd7) (8... Qh5 9. Ba3 $5) 9. Nxe4 $1 (9. Bb2 Qg6 (9...
Nxc3 10. Bxc3 Nd7 11. Qc2 Qh5 12. h3 {[%csl Rh3]} (12. e4 $142 fxe4 13. Qxe4
Nf6 14. Qh4 Qg6 15. Qg5 $14) 12... f4 13. e4 {trop tard} e5 14. dxe5 Nxe5 15.
Bxe5 (15. Nxe5 $143 dxe5 $40 {[%csl Rh3][%cal Gf4f3]}) 15... dxe5 16. g4 $8 (
16. Kh2 g5 $40) 16... Qe8 17. Rad1 {[%cal Gd1d5]} (17. Nxe5 Bf6) 17... h5 18.
g5 c6 {[%csl Gd5]} 19. Qc3 Bd8 20. Qxe5 Qxe5 21. Nxe5 Bxg5 22. h4 {
Commencement d'une faible manoeuvre qui perd du temps} (22. Kh2 $142) 22... Bf6
23. Ng6 Re8 24. Nxf4 Bxh4 25. Ng6 Bd8 26. Ne5 (26. f4 $142 Bb6+) 26... g5 $1
27. Nd7 Kg7 28. f4 Re7 29. Ne5 Bb6+ 30. Kh1 h4 31. Rd6 g4 $36 32. Ng6 Re6 33.
Rxe6 Bxe6 {Source: L'Echiquier mars 1931 1/2-1/2 (33) Remy-O'Kelly de Galway,A
Brussels 1935 EXT 2015 [Jerochoff,A]})) 9... fxe4 10. Ne1 (10. Ng5 d5 11. Nh3
Nd7 12. f3 dxc4 13. bxc4 e5 14. dxe5 Bc5+ 15. Kh1 Qxe5 16. Bf4 Qh5 17. Bxc7 Nf6
18. Nf4 Qf7 19. Be5 Kh8 20. Bxf6 Qxf6 21. fxe4 Bg4 22. Qd5 Be3 23. e5 Qh6 24.
Qxb7 g5 25. Nd5 Bd4 26. Rf6 Qh5 27. Raf1 Rfb8 28. Qe7 {
1-0 (28) Chavannes,I (2040)-Jensen,A (1857) Moss 2005}) 10... d5 $132 (10...
Qg6 11. Qc2 d5 12. Bf4 (12. f3 Nc6 13. Bb2 Qh6 14. Rd1 Qe3+ 15. Kh1 Nb4 {
1/2-1/2 (15) Filipovich,D (2209)-Stevens,C (2264) Toronto 2004}) 12... Na6 13.
f3 Nb4 14. Qd2 c5 15. fxe4 dxe4 16. Nc2 Bf6 17. Be5 Bd7 18. Nxb4 cxb4 19. Qxb4
Bxe5 20. dxe5 Bc6 21. Qc5 Qh5 22. Rxf8+ Rxf8 23. Rf1 Rxf1+ 24. Bxf1 Qg5 25. b4
e3 26. b5 Be4 27. Qc8+ Kf7 28. Qd7+ Kf8 29. Qd6+ Kf7 30. Qd7+ Kf8 31. Qxe6 h5
32. Qc8+ Kf7 33. Qd7+ Kg6 34. Qd4 Bb1 35. Bg2 b6 36. Be4+ Bxe4 37. Qxe4+ Kf7
38. Qf4+ Qxf4 39. gxf4 Ke6 40. Kg2 {
1-0 (40) Gil Gonzalez,J (2435)-Herrero Sabartes,J (2370) Spain 1998}) 11. f3 (
11. Be3 Nd7 12. Qc2 Nf6 13. cxd5 exd5 14. Qxc7 Bd8 15. Qd6 Qh5 16. f3 Bh3 17.
Qe5 Bxg2 18. Qxh5 Nxh5 19. Nxg2 Nf6 20. Bf4 Bb6 21. e3 exf3 22. Rxf3 Ne4 23.
Rff1 Rac8 24. Be5 Rxf1+ 25. Rxf1 Rc2 26. Nf4 Ng5 27. h4 Nf7 28. Nxd5 Bd8 29.
Rf2 Rc1+ 30. Kg2 Nxe5 31. dxe5 Rc6 32. Kf3 Kf7 33. Ke4+ Ke8 34. h5 Be7 35. Rd2
Rc1 36. e6 Bd6 37. g4 Rg1 38. h6 Rxg4+ 39. Kf5 Rg6 40. hxg7 Rxg7 41. Nf6+ Ke7
42. Rxd6 {1-0 (42) Howell,S (2111)-Brookfield,T (1823) Istanbul 2012}) 11...
exf3 (11... Nc6 12. fxe4 Rxf1+ 13. Kxf1 Qf8+ 14. Kg1 dxc4 15. Nf3 e5 16. d5
Bc5+ 17. e3 Qd6 18. Qe2 Nd8 19. Bb2 Nf7 20. bxc4 Bg4 21. h3 Bd7 22. Kh2 a6 23.
a4 Re8 24. Bc3 Qb6 25. a5 Qb3 26. Qb2 Qxb2 27. Bxb2 Bxe3 28. Bf1 g5 29. Bd3 h5
30. Re1 Bc5 31. Bc3 g4 32. hxg4 hxg4 33. Nh4 Bd4 34. Bd2 Nd6 35. Rf1 Rf8 36.
Kg2 Rxf1 37. Kxf1 Kf7 38. Ng2 Ne8 39. Ne3 Nf6 40. Nc2 Bb2 41. Ke2 Ba4 42. Ne3
Bd7 43. Be1 Bd4 44. Nc2 Bb2 45. c5 c6 46. Nb4 Bd4 47. dxc6 Bxc6 48. Nxc6 bxc6
49. Bb4 Ke8 50. Bxa6 Nxe4 51. Bb7 Kd7 52. a6 Kc7 53. Ba5+ Kb8 54. Bb6 Bxc5 55.
Bxc5 Nxc5 56. Bxc6 Ka7 57. Ke3 Kxa6 58. Be8 Kb6 59. Bh5 Kc6 60. Bxg4 Kd6 {
1/2-1/2 (60) Sarosi,Z (2272)-Lyell,M (2259) Kecskemet 2013}) (11... dxc4 12.
bxc4 e5 13. dxe5 Bc5+ 14. Kh1 Qxe5 15. Bf4 Qh5 16. fxe4 Be6 17. Nd3 Bd4 18. Rb1
g5 19. Rb5 h6 20. Rxb7 Nd7 21. Rxc7 Nf6 22. Be5 Rad8 23. Bxf6 Bxf6 24. e5 Bg7
25. Rxf8+ Bxf8 26. Qf1 {
1-0 (26) Rowson,J (2558)-Williams,S (2427) Scarborough 2004}) 12. Bxf3 $6 {
Interesting how there are four moves here, now three have been played (and the
fourth isn't bad either).} (12. exf3 Bf6 13. Bb2 c5 14. Nc2 Nc6 15. Rb1 dxc4
16. bxc4 cxd4 17. Nxd4 Qh5 18. Nxc6 Qc5+ 19. Kh1 bxc6 20. Qe2 Bxb2 21. Rxb2 Re8
22. f4 Ba6 23. Rc2 Rad8 24. Rd1 Kf7 25. Rxd8 Rxd8 26. Bh3 Rd6 27. Kg2 Qd4 28.
Bg4 c5 29. Bf3 Qd3 30. Qxd3 Rxd3 31. Kf2 Ra3 32. Be4 Ra4 33. Bd3 h6 34. Ke3 Kf6
35. Ke4 Bb7+ 36. Ke3 Ba6 37. Ke4 Bb7+ 38. Ke3 {
1/2-1/2 (38) Lenaerts,L (1846)-De Vleeschauwer,M (1901) Houffalize 2011}) (12.
Nxf3 Nd7 13. Bf4 c6 14. Qd3 Nf6 15. Ne5 Bd7 16. Rae1 Bb4 17. Rd1 Qe7 18. Bg5
Be8 19. e4 Rd8 20. Kh1 Bh5 21. g4 Be8 22. Qh3 Ba5 23. Bh4 Qd6 24. c5 Qb8 25. g5
Nd7 26. Qxe6+ Kh8 27. exd5 Bh5 28. Nxd7 Rxd7 29. Bg3 Qd8 30. Qxd7 Bxd1 31. Qxd8
Rxd8 32. Rxd1 cxd5 33. Bd6 Re8 34. Bxd5 Re2 35. Rf1 {
1-0 (35) Unuk,L (2014)-Meghna,C (1878) Al Ain 2013}) ({Stockfish 8 64:} 12.
Rxf3 dxc4 13. bxc4 e5 ({Stockfish 8 64:} 13... Nc6 14. Rxf8+ Bxf8 15. e3 e5 16.
Nf3 Be7 17. Bb2 Bg4 18. h3 Bxf3 19. Qxf3 exd4 20. exd4 Bf6 21. Qf2 Qd7 22. d5
Ne5 23. Qc2 Rf8 24. Rf1 Qe7 {[%eval 42,20]}) 14. dxe5 Nc6 15. Qd5+ Kh8 16.
Rxf8+ Bxf8 17. Bb2 Bf5 18. Qb5 Rd8 19. Qxb7 Nxe5 20. Qxc7 Nf7 21. Nd3 Qe3+ 22.
Nf2 Be6 23. Bd5 Bxd5 24. cxd5 Qxe2 25. Qxf7 Qxb2 {[%eval 67,22]}) 12... c6 $6 (
12... dxc4 13. bxc4 e5 $11) 13. Nd3 (13. Qc2) 13... Nd7 14. Bb2 Kh8 $6 (14...
Nf6 15. Bg2 b6) 15. e4 $6 (15. e3) (15. Qc2) (15. Qc1) 15... dxe4 $6 (15...
dxc4 16. bxc4 e5 17. Qe2 exd4 18. Bxd4 Ba3 19. Bg2 Qe7 $14) 16. Bxe4 $16 Nf6
17. Bf3 Bd7 18. Qe2 Bd6 19. Rae1 Rd8 20. Ne5 Bc8 (20... Bb4) 21. Qg2 Qe7 22.
Kh1 Qc7 23. c5 (23. Nd3) 23... Bxe5 24. Rxe5 Nd5 25. Qe2 $11 Qf7 (25... Rf7)
26. Kg1 Qg6 27. a3 Nf4 28. Qe3 Nd3 $4 (28... Nh3+ 29. Kg2 (29. Kh1 h6 30. Be2
Rxf1+ 31. Bxf1 Qb1 32. Qc1 Qxc1 33. Bxc1 Rxd4 34. Re1 $11) 29... Nf4+ 30. Kg1 (
30. Kh1 Nd3 31. Rg5 Qh6 32. Bc3 e5 33. dxe5 Nxc5 34. e6 Nxe6 35. Re5 Qxe3 36.
Rxe3 Nd4 37. Bg2 $11)) 29. Rg5 Qf6 $2 (29... Qh6 30. Bc3 b6 (30... e5 31. h4
Bh3 32. Rd1 Bf5 33. dxe5) 31. h4 Ba6 32. Be2 Rxf1+ 33. Bxf1 Rd5 34. Bxd3 Bxd3
35. cxb6 axb6 36. Qxd3 Rxg5 37. hxg5 Qxg5 38. a4) 30. Be2 Nxb2 31. Rxf6 gxf6
32. Rh5 e5 33. Qd2 Na4 34. bxa4 Rxd4 35. Qh6 Rf7 36. Rh4 e4 37. Qe3 Rxa4 38.
Rxe4 $2 (38. Qb3) 38... Rxe4 39. Qxe4 Bh3 40. Bc4 Rd7 41. Qh4 1-0